00889pam a2200289 a 45000010005000000030006000050050017000110080041000280100017000690200015000860200018001010400023001190500014001420820012001561000019001682450053001872600039002403000046002794400030003255000020003555050007003755200111003825210021004935210018005146510044005326510023005766884FISKH20250813132212.0930929s1994 ilua j 001 0 eng  a 93038589  a0516060252 a9780516460253 aDLCcDLCdDLCbeng aQB582.F69 a 523.3 1 aFowler, Allan.10aWhen you look up at the moon /cby Allan Fowler. aChicago :bChildrens Press,c1994. a31pages : bcolor illustrations ; c18 cm 0aRookie read-about science aIncludes index. aJ  aDescribes what the moon is like and highlights what astronauts have learned on their missions to the moon.8 a460 bLexile AD 8 aJ bRaz-Plus  0aMoonxExplorationxJuvenile literature. 1aMoonxExploration.